| 000 | 00588nam a2200205 a 4500 | ||
|---|---|---|---|
| 005 | 20140310183443.0 | ||
| 008 | 080916s19uu xx 00 eng d | ||
| 020 | _a9780230535497 | ||
| 050 |
_aP 90 _b.W29 2008 |
||
| 100 | _aWatson, James | ||
| 245 |
_aMedia communication : _ban introduction to theory and process / _cJames Watson. |
||
| 250 | _a3rd ed. | ||
| 260 |
_aLondon : _bPalgrave Macmillan, _c2008. |
||
| 300 |
_a452 p. : _bill. ; _c22 cm. |
||
| 521 | _aMC | ||
| 650 | _aMass Communication. | ||
| 650 | _aMass Media and Culture. | ||
| 942 |
_cBK _2lcc _kFOR |
||
| 999 |
_c23177 _d23177 |
||